Welcome to WEB OPAC of MRSPTU Central Library

Introduction to data structure (Record no. 184)

MARC details
000 -LEADER
fixed length control field 00359nam a2200145Ia 4500
008 - FIXED-LENGTH DATA ELEMENTS--GENERAL INFORMATION
fixed length control field 230711s9999||||xx |||||||||||||| ||und||
041 ## - LANGUAGE CODE
Language code of text/sound track or separate title ENG
082 ## - DEWEY DECIMAL CLASSIFICATION NUMBER
Classification number 5
Item number SI-D
100 ## - MAIN ENTRY--PERSONAL NAME
Personal name Singh B
245 #0 - TITLE STATEMENT
Title Introduction to data structure
250 ## - EDITION STATEMENT
Edition statement 10th
260 ## - PUBLICATION, DISTRIBUTION, ETC.
Date of publication, distribution, etc. 1988
Place of publication, distribution, etc. New Delhi
Name of publisher, distributor, etc. Galgotia Publications Pvt.Ltd
650 ## - SUBJECT ADDED ENTRY--TOPICAL TERM
Topical term or geographic name entry element Computer Engineering
942 ## - ADDED ENTRY ELEMENTS (KOHA)
Koha item type Book
Holdings
Withdrawn status Lost status Damaged status Not for loan Collection Home library Current library Date acquired Total checkouts Full call number Barcode Date last seen Price effective from Koha item type
          MRSPTU Central Library MRSPTU Central Library     5 SI-D 991 08/17/2023 08/17/2023 Book
          MRSPTU Central Library MRSPTU Central Library     5 SI-D 992 08/17/2023 08/17/2023 Book
          MRSPTU Central Library MRSPTU Central Library     5 SI-D 993 08/17/2023 08/17/2023 Book
          MRSPTU Central Library MRSPTU Central Library     5 SI-D 994 08/17/2023 08/17/2023 Book
          MRSPTU Central Library MRSPTU Central Library     5 SI-D 995 08/17/2023 08/17/2023 Book
          MRSPTU Central Library MRSPTU Central Library     5 SI-D PBB991 08/17/2023 08/17/2023 Book
          MRSPTU Central Library MRSPTU Central Library     5 SI-D PBB992 08/17/2023 08/17/2023 Book
          MRSPTU Central Library MRSPTU Central Library     5 SI-D PBB993 08/17/2023 08/17/2023 Book
          MRSPTU Central Library MRSPTU Central Library     5 SI-D PBB994 08/17/2023 08/17/2023 Book
          MRSPTU Central Library MRSPTU Central Library     5 SI-D PBB995 08/17/2023 08/17/2023 Book

Website Designed and Developed by MRSPTU Central Library Team

E-mail Id: librarian@mrsptu.ac.in